The Christian response to industrial capitalism

Αποθηκεύτηκε σε:
Λεπτομέρειες βιβλιογραφικής εγγραφής
Κύριος συγγραφέας: Charlton, William
Άλλοι συγγραφείς: Mallinson, Tatiana, Oakeshott, Robert
Μορφή: Βιβλίο
Γλώσσα:English
Δημοσίευση: London : Sheed & Ward, 1986
Θέματα:
Ετικέτες: Προσθήκη ετικέτας
Δεν υπάρχουν, Καταχωρήστε ετικέτα πρώτοι!

MARC

LEADER 00000cam a2200000 i 4500
001 1/21432
008 930908s1986 eng d
020 |a 0-7220-1975-0 
035 |l 10021714 
040 |a GR-MY-UA  |b gre  |e aacr 
041 0 |a eng 
082 0 |a 261.85 
100 1 |a Charlton, William. 
245 1 4 |a The Christian response to industrial capitalism /  |c William Charlton, Tatiana Mallinson, Robert Oakeshott 
260 |a London :   |b Sheed & Ward,   |c 1986 
300 |a 263 p.;  |c 22 cm. 
500 |a Includes index 
650 0 0 |a Economics  |x Religious aspects  |x Christianity. 
650 0 0 |a Capitalism  |x Religious aspects  |x Christianity. 
650 0 0 |a Industries  |x Social aspects. 
700 1 |a Mallinson, Tatiana. 
700 1 |a Oakeshott, Robert. 
852 |a INST  |b CHIOS  |e 19930908  |h 261.85 CHA  |p 005200003308  |q 005200003308  |t BK  |y 0 
909 |a Χ  |b 024205 
970 |z 2000/07/ELIDOC